Religious writer's marketplace : (Record no. 5418)

MARC details
000 -LEADER
fixed length control field 01112nam a2200325 a 4500
001 - CONTROL NUMBER
control field 11599026
003 - CONTROL NUMBER IDENTIFIER
control field OCoLC
005 - DATE AND TIME OF LATEST TRANSACTION
control field 20190103183517.0
008 - FIXED-LENGTH DATA ELEMENTS--GENERAL INFORMATION
fixed length control field 841217s1985 pau r 001 0 eng
010 ## - LIBRARY OF CONGRESS CONTROL NUMBER
LC control number 84-27691
020 ## - INTERNATIONAL STANDARD BOOK NUMBER
International Standard Book Number 0894713051 :
035 ## - SYSTEM CONTROL NUMBER
System control number 5284921
040 ## - CATALOGING SOURCE
Original cataloging agency DLC
Transcribing agency DLC
Modifying agency OSU
043 ## - GEOGRAPHIC AREA CODE
Geographic area code n-us---
-- n-cn---
050 ## - LIBRARY OF CONGRESS CALL NUMBER
Classification number Z479
Item number .G46 1985
050 00 - LIBRARY OF CONGRESS CALL NUMBER
Classification number Z479
Item number .G46 1985
082 ## - DEWEY DECIMAL CLASSIFICATION NUMBER
Classification number 070.5
Item number G339R
100 1# - MAIN ENTRY--PERSONAL NAME
Personal name Gentz, William H.,
Dates associated with a name 1918-
245 10 - TITLE STATEMENT
Title Religious writer's marketplace :
Remainder of title the definitive sourcebook /
Statement of responsibility, etc. by William H. Gentz
250 ## - EDITION STATEMENT
Edition statement Wholly rev. and updated
260 ## - PUBLICATION, DISTRIBUTION, ETC.
Place of publication, distribution, etc. Philadelphia, Pa. :
Name of publisher, distributor, etc. Running Press,
Date of publication, distribution, etc. c1985
300 ## - PHYSICAL DESCRIPTION
Extent 221 p. ;
Dimensions 26 cm
500 ## - GENERAL NOTE
General note Includes indexes
650 #0 - SUBJECT ADDED ENTRY--TOPICAL TERM
Topical term or geographic name entry element Religious literature
General subdivision Publishing
Geographic subdivision United States
Form subdivision Directories
650 #0 - SUBJECT ADDED ENTRY--TOPICAL TERM
Topical term or geographic name entry element Religious literature
General subdivision Publishing
Geographic subdivision Canada
Form subdivision Directories
650 #0 - SUBJECT ADDED ENTRY--TOPICAL TERM
Topical term or geographic name entry element Religious newspapers and periodicals
Geographic subdivision United States
Form subdivision Directories
650 #0 - SUBJECT ADDED ENTRY--TOPICAL TERM
Topical term or geographic name entry element Religious newspapers and periodicals
Geographic subdivision Canada
Form subdivision Directories
650 #0 - SUBJECT ADDED ENTRY--TOPICAL TERM
Topical term or geographic name entry element Religious literature
General subdivision Authorship
-- Marketing
Form subdivision Directories
942 ## - ADDED ENTRY ELEMENTS (KOHA)
Source of classification or shelving scheme Dewey Decimal Classification
Koha item type Books
Holdings
Withdrawn status Lost status Source of classification or shelving scheme Damaged status Not for loan Collection code Home library Current library Shelving location Date acquired Cost, normal purchase price Total Checkouts Full call number Barcode Date last seen Price effective from Koha item type
    Dewey Decimal Classification     Non-fiction Harvest Mission College Harvest Mission College General Stacks 03.01.2019 1200.00   070.5 G339R 006193 03.01.2019 03.01.2019 Books

OPAC Designed and Maintained by HMC Library Team.
Copyright © HMC Library,Greater Noida, UP.
For any Suggestions/Query Contact library via Email:libhmc@gmail.com